Normal view
MARC view
Entry Topical Term
001 - CONTROL NUMBER
- control field: 13066
003 - CONTROL NUMBER IDENTIFIER
- control field: BD-RjUL
005 - DATE AND TIME OF LATEST TRANSACTION
- control field: 20240519104721.0
008 - FIXED-LENGTH DATA ELEMENTS
- fixed length control field: 240519|| aca||aabn | a|a d
040 ## - CATALOGING SOURCE
- Original cataloging agency: BD-RjUL
- Transcribing agency: BD-RjUL
150 ## - HEADING--TOPICAL TERM
- Topical term or geographic name entry element: Arthropoda
- Form subdivision: Acari
670 ## - SOURCE DATA FOUND
- Source citation: Work cat.: (BD-RjUL)83772: Haque, Mohd. Mainul, Bioecology of Bend and Guava Infesting Eriophyid Mite (Acarina) :, 1995